00969cam a22002771 450000100060000000300080000600500170001400800410003103500190007203500190009104000230011004100080013304200120014108200260015310000320017924501300021126000290034130000290037050000300039965000260042970000340045590600450048994200120053499900170054695201280056376653BD-RjUL20211209082853.0191230s1947 enka 000 0 eng  a(BD-RjUL)76877 a(OCoLC)1679204 aDLCcFMUdDLCbeng aeng apremarc a358.542223bGID 19471 aGillespie, James J.923715910aDynamic motion and time study /cby James J. Gillespie, assisted by Charles H. J. Cooper. With an appreciation by R. E. Lane. aLondon,bP. Elekc[1947] a95 p. :billus.;c22 cm. a"Book references": p. 94. 0aJob analysis.92371601 aCooper, Charles H. J.9237162 a7bcbccoclcrplduencipf19gy-gencatlg 2ddccBK c76653d76653 00102ddc40718NFICaRUCLbRUCLcReadingd1956-05-26g3.00l0o658.306 GID 1947r2019-12-30 00:00:00tC-1w2019-12-30yBK